[Event "Obert Figueres Miquel Mas 2010"]
[Site "Figueres ESP"]
[Date "2010.08.15"]
[Round "6.8"]
[White "Adrian, Claude"]
[Black "Parals Marce, Luis"]
[Result "1-0"]
[WhiteElo "2292"]
[BlackElo "2058"]
[PlyCount "59"]
[EventDate "2011.08.11"]
[EventType "swiss"]
[EventRounds "9"]
[EventCountry "ESP"]
[Source "lmi"]
[SourceDate "2010.08.11"]

1. c4 e6 2. Nc3 d5 3. d4 Nf6 4. Nf3 Be7 5. cxd5 exd5 6. Bf4 c6 7. Qc2 O-O 8. e3
Nbd7 9. Bd3 Re8 10. g4 Nf8 11. h3 b6 12. O-O-O a5 13. Ne5 Bb7 14. Rdg1 N6d7 15.
g5 Nxe5 16. Bxe5 Bd6 17. f4 Ba6 18. Bxa6 Rxa6 19. a4 Bxe5 20. fxe5 c5 21. Qg2
cxd4 22. exd4 Ne6 23. Nxd5 Qa8 24. Kb1 Rd8 25. Ne7+ Kf8 26. Nc6 Rc8 27. d5 Nf4
28. Qf3 Nxd5 29. Rf1 Rc7 30. Qxd5 1-0

[Event "Obert Figueres Miquel Mas 2010"]
[Site "Figueres ESP"]
[Date "2010.08.15"]
[Round "6.9"]
[White "Alberto, Manuel"]
[Black "Spielmann, Alain"]
[Result "1/2-1/2"]
[WhiteElo "2140"]
[BlackElo "2286"]
[PlyCount "105"]
[EventDate "2011.08.11"]
[EventType "swiss"]
[EventRounds "9"]
[EventCountry "ESP"]
[Source "lmi"]
[SourceDate "2010.08.11"]

1. e4 c6 2. d4 d5 3. e5 Bf5 4. Ne2 e6 5. Ng3 Bg6 6. h4 h5 7. Nd2 c5 8. Nf3 cxd4
9. Nxd4 Nc6 10. Bb5 Qc7 11. O-O Be7 12. Nge2 a6 13. Bxc6+ bxc6 14. Nf4 Be4 15.
f3 Bh7 16. Nxh5 c5 17. Nxg7+ Kd7 18. Ndxe6 fxe6 19. f4 Nh6 20. f5 Nxf5 21. Nxf5
Bxf5 22. Rxf5 Rag8 23. Rh5 Bxh4 24. Bf4 Qb6 25. Be3 Qxb2 26. Rb1 Qc3 27. Rb3
Qe1+ 28. Qxe1 Bxe1 29. Rxh8 Rxh8 30. Bxc5 Rc8 31. Bb4 Bxb4 32. Rxb4 Rxc2 33.
Ra4 Re2 34. Rxa6 Rxe5 35. Kf2 Ke7 36. a4 Re4 37. Kf3 Kf6 38. Ra8 Re1 39. a5 Ra1
40. a6 Ra4 41. a7 Kg7 42. g4 e5 43. g5 Rf4+ 44. Ke3 Ra4 45. Kd3 Ra3+ 46. Kc2 d4
47. Kb2 Ra6 48. Kb3 d3 49. Kc3 e4 50. Re8 Ra4 51. Kd2 Rxa7 52. Rxe4 Kg6 53. Rd4
1/2-1/2

[Event "Obert Figueres Miquel Mas 2010"]
[Site "Figueres ESP"]
[Date "2010.08.15"]
[Round "6.11"]
[White "Sanchez Urpi, Oriol"]
[Black "Sabria Batlle, Pol"]
[Result "0-1"]
[WhiteElo "1911"]
[BlackElo "2211"]
[PlyCount "40"]
[EventDate "2011.08.11"]
[EventType "swiss"]
[EventRounds "9"]
[EventCountry "ESP"]
[Source "lmi"]
[SourceDate "2010.08.11"]

1. e4 e5 2. Bc4 Nf6 3. d3 Nc6 4. f4 exf4 5. Bxf4 d5 6. exd5 Nxd5 7. Qe2+ Be6 8.
Bxd5 Qxd5 9. Nf3 O-O-O 10. Nc3 Qh5 11. Ne5 Qxe2+ 12. Nxe2 Nb4 13. Kd1 f6 14.
Nf3 Bc5 15. a3 Nd5 16. Bd2 Ne3+ 17. Bxe3 Bxe3 18. Re1 Rhe8 19. Nc3 Bf4 20. Ne2
Rxd3+ 0-1

[Event "Obert Figueres Miquel Mas 2010"]
[Site "Figueres ESP"]
[Date "2010.08.15"]
[Round "6.12"]
[White "Carlstedt, Jonathan"]
[Black "Alonso Jimenez, Joan"]
[Result "1-0"]
[WhiteElo "2379"]
[BlackElo "1992"]
[PlyCount "73"]
[EventDate "2011.08.11"]
[EventType "swiss"]
[EventRounds "9"]
[EventCountry "ESP"]
[Source "lmi"]
[SourceDate "2010.08.11"]

1. c4 Nc6 2. g3 e5 3. Bg2 Nf6 4. Nc3 Bb4 5. Nd5 Ba5 6. a3 d6 7. b4 Bb6 8. e3
O-O 9. Ne2 Nxd5 10. cxd5 Ne7 11. d4 Ng6 12. O-O Bg4 13. f3 Bd7 14. a4 a5 15. b5
Qc8 16. f4 Bg4 17. fxe5 dxe5 18. Bb2 Qe8 19. Rf2 exd4 20. exd4 Qe3 21. Ra3 Bxe2
22. Qxe2 Qxe2 23. Rxe2 Rfe8 24. Rae3 Rxe3 25. Rxe3 f6 26. Kf2 Rd8 27. Bh3 Nf8
28. Bf1 f5 29. Bc4 Nd7 30. d6+ Kh8 31. Re7 cxd6 32. Kf3 d5 33. Bxd5 Nf6 34.
Bxb7 Bxd4 35. Bxd4 Rxd4 36. Bc6 Kg8 37. b6 1-0

[Event "Obert Figueres Miquel Mas 2010"]
[Site "Figueres ESP"]
[Date "2010.08.15"]
[Round "6.13"]
[White "Casanellas Ruano, Lluis"]
[Black "Diaz Munoz, Sergi"]
[Result "1-0"]
[WhiteElo "2182"]
[BlackElo "2005"]
[PlyCount "85"]
[EventDate "2011.08.11"]
[EventType "swiss"]
[EventRounds "9"]
[EventCountry "ESP"]
[Source "lmi"]
[SourceDate "2010.08.11"]

1. e4 d5 2. exd5 Qxd5 3. d4 Nf6 4. Nf3 c6 5. Be2 Bf5 6. c3 e6 7. Qb3 Qxb3 8.
axb3 Bd6 9. Nbd2 Nbd7 10. b4 O-O 11. O-O a6 12. Nc4 Bc7 13. Na5 Bxa5 14. bxa5
Nd5 15. Re1 h6 16. Bc4 Rfe8 17. Nh4 Bh7 18. Nf3 Rad8 19. Bb3 Kf8 20. Bd2 N5f6
21. Bf4 Ne4 22. Bc2 Nef6 23. Bd1 Ne4 24. h4 Ndf6 25. Ne5 Nd5 26. Bh2 Nd6 27.
Be2 f6 28. Nd3 Bxd3 29. Bxd3 Kf7 30. g4 g6 31. Kh1 f5 32. f3 f4 33. h5 gxh5 34.
gxh5 Rg8 35. Bg6+ Kf6 36. Re2 Nf5 37. Rae1 Ng3+ 38. Bxg3 fxg3 39. Rxe6+ Kg5 40.
R1e4 Rxg6 41. Rxg6+ Kxh5 42. Rxg3 Rf8 43. Re5+ 1-0

[Event "Obert Figueres Miquel Mas 2010"]
[Site "Figueres ESP"]
[Date "2010.08.15"]
[Round "6.15"]
[White "Gomez, Gustavo Pizzocaro"]
[Black "Sola, Flavien"]
[Result "1-0"]
[WhiteElo "2142"]
[BlackElo "1954"]
[PlyCount "99"]
[EventDate "2011.08.11"]
[EventType "swiss"]
[EventRounds "9"]
[EventCountry "ESP"]
[Source "lmi"]
[SourceDate "2010.08.11"]

1. Nf3 Nf6 2. d4 e6 3. c4 c5 4. d5 exd5 5. cxd5 d6 6. Nc3 g6 7. g3 Bg7 8. Bg2
O-O 9. O-O a6 10. a4 Re8 11. Bf4 Nh5 12. Bg5 f6 13. Bd2 f5 14. Re1 Nf6 15. Ng5
Ra7 16. Qb3 b5 17. axb5 Ne4 18. Ncxe4 fxe4 19. Nxe4 Qb6 20. Ba5 Qxb5 21. Qxb5
axb5 22. Nxd6 Rf8 23. Nxc8 Rxc8 24. Bc3 Bxc3 25. bxc3 Rxa1 26. Rxa1 b4 27. cxb4
cxb4 28. d6 Rd8 29. Bd5+ Kg7 30. Ra7+ Kf6 31. f4 g5 32. e4 gxf4 33. gxf4 Nd7
34. Rb7 Nc5 35. Rxb4 Nd3 36. e5+ Nxe5 37. fxe5+ Kxe5 38. Bf3 Rxd6 39. Rh4 h6
40. Rh5+ Kf4 41. Kf2 Rb6 42. Rh4+ Kf5 43. Ra4 Rd6 44. Kg3 Kg5 45. Ra5+ Kf6 46.
Kf4 Rb6 47. Ra2 Rd6 48. Rg2 Ke7 49. Be4 Kf7 50. Ra2 1-0

[Event "Obert Figueres Miquel Mas 2010"]
[Site "Figueres ESP"]
[Date "2010.08.15"]
[Round "6.16"]
[White "Diaz Comas, Jordi"]
[Black "Prats Rodriguez, Juan Bosco"]
[Result "1/2-1/2"]
[WhiteElo "1918"]
[BlackElo "2106"]
[PlyCount "79"]
[EventDate "2011.08.11"]
[EventType "swiss"]
[EventRounds "9"]
[EventCountry "ESP"]
[Source "lmi"]
[SourceDate "2010.08.11"]

1. d4 d5 2. Nf3 Nf6 3. c4 dxc4 4. e3 a6 5. Bxc4 b5 6. Bd3 Bb7 7. O-O e6 8. Qe2
Be7 9. Rd1 Nbd7 10. e4 c5 11. e5 Nd5 12. dxc5 Nxc5 13. Bc2 Qc7 14. a3 Rc8 15.
Bd2 Na4 16. Bxa4 bxa4 17. Nc3 Qc4 18. Qe4 Nxc3 19. Qxc4 Rxc4 20. Bxc3 Bd5 21.
Rd3 O-O 22. Rad1 Rfc8 23. Nd2 R4c7 24. Nb1 h6 25. h3 Bb3 26. Rc1 Rd8 27. Rxd8+
Bxd8 28. Nd2 Bd5 29. Nf3 Be7 30. Bd2 Rxc1+ 31. Bxc1 Bc5 32. Bd2 Kf8 33. Kf1 Ke8
34. Bc3 Kd7 35. Nd4 f6 36. Nc2 Bc4+ 37. Ke1 f5 38. Nd4 Bd5 39. g3 g5 40. Kd2
1/2-1/2

[Event "Obert Figueres Miquel Mas 2010"]
[Site "Figueres ESP"]
[Date "2010.08.15"]
[Round "6.17"]
[White "Triadu Cassa, Jordi"]
[Black "Ruiz Font, Elisabet"]
[Result "1/2-1/2"]
[WhiteElo "2025"]
[BlackElo "1899"]
[PlyCount "100"]
[EventDate "2011.08.11"]
[EventType "swiss"]
[EventRounds "9"]
[EventCountry "ESP"]
[Source "lmi"]
[SourceDate "2010.08.11"]

1. e4 c5 2. Nf3 g6 3. d4 cxd4 4. Nxd4 Bg7 5. Nc3 Nc6 6. Nb3 Nf6 7. Be2 O-O 8.
O-O a5 9. a4 Nb4 10. e5 Ne8 11. f4 Qb6+ 12. Kh1 d6 13. exd6 Nxd6 14. Nd5 Nxd5
15. Qxd5 Bf5 16. Bd3 Rfd8 17. Qf3 Bxd3 18. Qxd3 Nf5 19. Qe4 e6 20. Bd2 Nd4 21.
Be3 Qc6 22. Qxc6 bxc6 23. Bxd4 Bxd4 24. c3 Bb6 25. Rad1 Kf8 26. g3 Ke7 27. Kg2
Rxd1 28. Rxd1 Rd8 29. Rxd8 Bxd8 30. Nc5 Bb6 31. Ne4 Bc7 32. Kf3 h6 33. b4 f5
34. Nd2 axb4 35. cxb4 Bd6 36. b5 cxb5 37. axb5 Kd7 38. Nc4 Bb8 39. h3 Kc8 40.
Ke3 g5 41. Kf3 gxf4 42. gxf4 Kd7 43. Kg3 Bc7 44. Kf3 Bb8 45. Ke3 Ba7+ 46. Kd3
Bb8 47. Ke3 Ba7+ 48. Kf3 Bb8 49. Kg3 Bc7 50. Kf3 Bb8 1/2-1/2

[Event "Obert Figueres Miquel Mas 2010"]
[Site "Figueres ESP"]
[Date "2010.08.15"]
[Round "6.18"]
[White "Ferreira, Kleber Victor"]
[Black "Pinsach Gelabert, Alexandre"]
[Result "1-0"]
[WhiteElo "2107"]
[BlackElo "1735"]
[PlyCount "91"]
[EventDate "2011.08.11"]
[EventType "swiss"]
[EventRounds "9"]
[EventCountry "ESP"]
[Source "lmi"]
[SourceDate "2010.08.11"]

1. e4 c6 2. d4 d5 3. f3 e6 4. Nc3 Bb4 5. a3 Bd6 6. b4 Bc7 7. Be3 Ne7 8. Bd3 Nd7
9. Nge2 O-O 10. O-O e5 11. Na4 Re8 12. c4 Nf6 13. Bg5 Be6 14. Rc1 dxc4 15. Bb1
Ng6 16. Nc5 b6 17. Nxe6 Rxe6 18. f4 exf4 19. e5 h6 20. Bxf6 gxf6 21. Nxf4 Nxf4
22. Qg4+ Kf8 23. Qxf4 Ke8 24. Rxc4 b5 25. Rc2 Bb6 26. Rd2 Rxe5 27. Kh1 Re6 28.
Bf5 Qe7 29. Qxh6 Kd7 30. Bxe6+ Qxe6 31. Qxf6 Qxf6 32. Rxf6 Rf8 33. d5 c5 34.
bxc5 Bxc5 35. Rd3 Bd6 36. g3 Ke7 37. Rdf3 Bxa3 38. Ra6 Bc5 39. Ra5 Rd8 40. Rxb5
Rxd5 41. Rb7+ Rd7 42. Rxf7+ Kxf7 43. Rxd7+ Ke6 44. Rd8 Bb4 45. Kg2 Ke5 46. h4
1-0

[Event "Obert Figueres Miquel Mas 2010"]
[Site "Figueres ESP"]
[Date "2010.08.15"]
[Round "6.20"]
[White "Lazaro Porta, Angel"]
[Black "Mayer, Christian"]
[Result "1-0"]
[WhiteElo "1974"]
[BlackElo "1877"]
[PlyCount "67"]
[EventDate "2011.08.11"]
[EventType "swiss"]
[EventRounds "9"]
[EventCountry "ESP"]
[Source "lmi"]
[SourceDate "2010.08.11"]

1. c4 Nf6 2. Nc3 e6 3. e4 d5 4. e5 d4 5. exf6 dxc3 6. bxc3 Qxf6 7. d4 e5 8. Nf3
exd4 9. cxd4 Bb4+ 10. Bd2 Bxd2+ 11. Qxd2 O-O 12. Be2 c5 13. O-O cxd4 14. Qxd4
Qxd4 15. Nxd4 Rd8 16. Rad1 Bd7 17. Nb5 Na6 18. Nd6 Bc6 19. Nf5 Kf8 20. Nd4 Ba4
21. Rd2 Rd7 22. Bg4 Rd6 23. Bd1 Bc6 24. Bc2 Nb4 25. Bb3 Rad8 26. Rfd1 Ke8 27.
Nxc6 Rxd2 28. Re1+ Kd7 29. Nxb4 Kc8 30. Nd5 b5 31. Ne3 bxc4 32. Nxc4 R2d7 33.
Ne5 Re8 34. Ba4 1-0

[Event "Obert Figueres Miquel Mas 2010"]
[Site "Figueres ESP"]
[Date "2010.08.15"]
[Round "6.21"]
[White "Vinardell Cruanas, Sergi"]
[Black "Aguila Hernandez, Eduardo"]
[Result "1-0"]
[WhiteElo "1955"]
[BlackElo "1734"]
[PlyCount "55"]
[EventDate "2011.08.11"]
[EventType "swiss"]
[EventRounds "9"]
[EventCountry "ESP"]
[Source "lmi"]
[SourceDate "2010.08.11"]

1. e4 e5 2. Nf3 Nc6 3. Bb5 a6 4. Ba4 Nf6 5. O-O b5 6. Bb3 Be7 7. Re1 d6 8. c3
Bg4 9. d3 O-O 10. Nbd2 Qd7 11. h3 Bh5 12. Nf1 Rfe8 13. Ng3 Bg6 14. a4 Reb8 15.
a5 Nd8 16. d4 exd4 17. cxd4 c6 18. Nh4 Nb7 19. Bg5 d5 20. exd5 cxd5 21. Nxg6
hxg6 22. Re5 Bd6 23. Bxf6 Bxe5 24. Bxe5 Rc8 25. Qf3 Rd8 26. Ne2 f6 27. Bg3 g5
28. Nc3 1-0

[Event "Obert Figueres Miquel Mas 2010"]
[Site "Figueres ESP"]
[Date "2010.08.15"]
[Round "6.22"]
[White "Cros Figueras, Eugeni"]
[Black "Cano Egea, Gerard"]
[Result "1-0"]
[WhiteElo "1890"]
[BlackElo "1698"]
[PlyCount "115"]
[EventDate "2011.08.11"]
[EventType "swiss"]
[EventRounds "9"]
[EventCountry "ESP"]
[Source "lmi"]
[SourceDate "2010.08.11"]

1. e4 e5 2. Nf3 Nc6 3. Bc4 Nf6 4. d3 Be7 5. O-O d6 6. c3 O-O 7. Re1 Na5 8. Bb5
a6 9. Ba4 b5 10. Bc2 c5 11. Nbd2 Nc6 12. h3 Re8 13. Nf1 a5 14. Bg5 h6 15. Bh4
Ba6 16. Bg3 Bf8 17. Qd2 Ne7 18. d4 Ng6 19. Rad1 Qc7 20. dxc5 dxc5 21. Ne3 Bb7
22. Nd5 Nxd5 23. exd5 Bd6 24. Bxg6 fxg6 25. Qd3 e4 26. Bxd6 Qxd6 27. Rxe4 Rxe4
28. Qxe4 Rd8 29. Qe5 Qxe5 30. Nxe5 Rxd5 31. Rxd5 Bxd5 32. a3 g5 33. f3 c4 34.
Kf2 Kf8 35. Ke3 Ke7 36. Kd4 Kd6 37. Ng4 Bg8 38. Nf2 Bf7 39. Ne4+ Kc6 40. Ke5
Bg8 41. Nd6 Bh7 42. Nf5 Bxf5 43. Kxf5 b4 44. axb4 axb4 45. Ke4 Kc5 46. g3 g6
47. f4 gxf4 48. gxf4 g5 49. cxb4+ Kxb4 50. f5 Kb3 51. f6 Kxb2 52. f7 c3 53.
f8=Q c2 54. Qb4+ Ka1 55. Qa3+ Kb1 56. Kf5 g4 57. hxg4 h5 58. gxh5 1-0

[Event "Obert Figueres Miquel Mas 2010"]
[Site "Figueres ESP"]
[Date "2010.08.15"]
[Round "6.23"]
[White "Vidal Palou, Jordi"]
[Black "Vinas Serra, Jaume"]
[Result "0-1"]
[WhiteElo "1649"]
[BlackElo "1878"]
[PlyCount "40"]
[EventDate "2011.08.11"]
[EventType "swiss"]
[EventRounds "9"]
[EventCountry "ESP"]
[Source "lmi"]
[SourceDate "2010.08.11"]

1. d4 Nf6 2. Bf4 e6 3. Nf3 b6 4. e3 Bb7 5. Nbd2 Be7 6. b3 O-O 7. Be2 c5 8. c3
d5 9. O-O Nbd7 10. Bd3 Ne4 11. Rc1 f5 12. Ne5 Nxe5 13. Bxe5 Bd6 14. f4 Nxd2 15.
Qxd2 Bxe5 16. fxe5 Rc8 17. Qf2 Kh8 18. Qg3 g5 19. Rf2 Rc7 20. Rcf1 Rg7 0-1

[Event "Obert Figueres Miquel Mas 2010"]
[Site "Figueres ESP"]
[Date "2010.08.15"]
[Round "6.24"]
[White "Buch Prades, Joan"]
[Black "Asensio Graells, Ricard"]
[Result "1/2-1/2"]
[WhiteElo "1877"]
[BlackElo "1489"]
[PlyCount "83"]
[EventDate "2011.08.11"]
[EventType "swiss"]
[EventRounds "9"]
[EventCountry "ESP"]
[Source "lmi"]
[SourceDate "2010.08.11"]

1. e4 d5 2. exd5 Nf6 3. Bb5+ Bd7 4. Bc4 Bg4 5. f3 Bf5 6. g4 Bg6 7. Nc3 h6 8.
Nge2 Nbd7 9. Nf4 Bh7 10. h4 g5 11. hxg5 hxg5 12. Nh5 Nxh5 13. Rxh5 Ne5 14. Qe2
Nxc4 15. Qxc4 a6 16. Qd4 f6 17. Ne4 e5 18. Qf2 Qe7 19. c4 b6 20. b4 O-O-O 21.
d6 Qf7 22. c5 cxd6 23. cxd6 Bxd6 24. Qxb6 Bxe4 25. fxe4 Rxh5 26. Qxa6+ Kd7 27.
gxh5 Qxh5 28. Qb7+ Ke8 29. Bb2 Qh1+ 30. Ke2 Qh2+ 31. Kd1 Be7 32. Qb5+ Kf8 33.
Qe2 Qxe2+ 34. Kxe2 Bxb4 35. Bc3 Bd6 36. a4 Ke7 37. a5 Bc5 38. Rh1 Kf7 39. Kf3
Kg6 40. Rc1 Ba7 41. Bb4 Rd3+ 42. Ke2 1/2-1/2

[Event "Obert Figueres Miquel Mas 2010"]
[Site "Figueres ESP"]
[Date "2010.08.15"]
[Round "6.25"]
[White "Garcia-Castany Musellas, Gal La"]
[Black "Colls Gelaberto, Emili"]
[Result "1/2-1/2"]
[WhiteElo "1753"]
[BlackElo "2247"]
[PlyCount "85"]
[EventDate "2011.08.11"]
[EventType "swiss"]
[EventRounds "9"]
[EventCountry "ESP"]
[Source "lmi"]
[SourceDate "2010.08.11"]

1. e4 c6 2. d4 d5 3. Nc3 dxe4 4. Nxe4 Nd7 5. Ng5 Ngf6 6. Bc4 e6 7. Qe2 Nb6 8.
Bd3 h6 9. N5f3 c5 10. dxc5 Bxc5 11. Ne5 Nbd7 12. Ngf3 Qc7 13. O-O b6 14. Nxd7
Nxd7 15. Bd2 Bb7 16. Bc3 O-O 17. Ne5 Nxe5 18. Bxe5 Bd6 19. Bxd6 Qxd6 20. Rfe1
Rfd8 21. Rad1 Qc6 22. f3 Rac8 23. c3 Kf8 24. Be4 Qc5+ 25. Qf2 Rxd1 26. Rxd1
Bxe4 27. fxe4 Ke7 28. Qxc5+ Rxc5 29. Kf2 Rh5 30. h3 Ra5 31. a3 h5 32. g3 Rc5
33. Ke3 Rc7 34. Rd2 b5 35. Rd4 Rc5 36. a4 a6 37. axb5 axb5 38. Rd1 Rc4 39. Ra1
Rc5 40. Ra5 Kd6 41. Ra6+ Ke7 42. Ra5 Kd6 43. Ra6+ 1/2-1/2

[Event "Obert Figueres Miquel Mas 2010"]
[Site "Figueres ESP"]
[Date "2010.08.15"]
[Round "6.26"]
[White "Lasinskas, Povilas"]
[Black "Fleta Marin, Sergio"]
[Result "1-0"]
[WhiteElo "2180"]
[BlackElo "1720"]
[PlyCount "123"]
[EventDate "2011.08.11"]
[EventType "swiss"]
[EventRounds "9"]
[EventCountry "ESP"]
[Source "lmi"]
[SourceDate "2010.08.11"]

1. d4 d5 2. c4 dxc4 3. Nf3 Nf6 4. e3 c5 5. Bxc4 e6 6. O-O a6 7. a4 Nc6 8. Nc3
Be7 9. Qe2 O-O 10. Rd1 cxd4 11. Nxd4 Qc7 12. Nxc6 Qxc6 13. b3 b6 14. Bb2 Bb7
15. f3 Rfd8 16. Rac1 Qc5 17. Rxd8+ Bxd8 18. Nb1 Qg5 19. Nd2 Nd5 20. Nf1 Be7 21.
Rd1 Bc5 22. Bd4 Bxd4 23. Rxd4 Nc3 24. Qf2 Bd5 25. e4 Bxc4 26. Rxc4 Qc1 27. Qe3
Qxe3+ 28. Nxe3 Ne2+ 29. Kf2 b5 30. axb5 axb5 31. Rc5 Nd4 32. Nc2 Nxc2 33. Rxc2
Rd8 34. Rc5 Rb8 35. Rc7 g5 36. Kg3 Kg7 37. h4 h6 38. Kg4 Kg6 39. h5+ Kg7 40. f4
gxf4 41. Kxf4 b4 42. g4 Rb5 43. e5 Kf8 44. Ke4 Kg8 45. Rc1 Kg7 46. Rc8 Kh7 47.
Rc2 Rb8 48. Rc5 Kh8 49. Kf4 Rb7 50. g5 Kh7 51. Rc4 Rb5 52. g6+ fxg6 53. Rc7+
Kg8 54. hxg6 Rd5 55. Ke4 h5 56. Re7 h4 57. Rf7 h3 58. Rh7 Rb5 59. Rxh3 Kg7 60.
Rh7+ Kxg6 61. Re7 Rb6 62. Kd4 1-0

[Event "Obert Figueres Miquel Mas 2010"]
[Site "Figueres ESP"]
[Date "2010.08.15"]
[Round "6.27"]
[White "Gonzalez Manchon, Juan Miguel"]
[Black "Vazquez Montreal, Enric"]
[Result "1-0"]
[WhiteElo "2110"]
[BlackElo "1678"]
[PlyCount "65"]
[EventDate "2011.08.11"]
[EventType "swiss"]
[EventRounds "9"]
[EventCountry "ESP"]
[Source "lmi"]
[SourceDate "2010.08.11"]

1. d4 Nf6 2. c4 g6 3. Nc3 Bg7 4. e4 d6 5. f3 O-O 6. Be3 Nbd7 7. Nge2 e5 8. d5
a6 9. Qd2 Ne8 10. g4 Rb8 11. Ng3 Ndf6 12. O-O-O Bd7 13. g5 Nh5 14. Nxh5 gxh5
15. h4 f5 16. gxf6 Nxf6 17. Ne2 b5 18. c5 dxc5 19. Bxc5 Rf7 20. Qg5 Qe8 21. Kb1
b4 22. Ng3 Bc8 23. d6 cxd6 24. Rxd6 Be6 25. Nf5 Bxa2+ 26. Kxa2 Qa4+ 27. Kb1 b3
28. Nh6+ Kh8 29. Nxf7+ Kg8 30. Rxa6 Qd7 31. Bc4 Qc7 32. Nxe5+ Kh8 33. Rg1 1-0

[Event "Obert Figueres Miquel Mas 2010"]
[Site "Figueres ESP"]
[Date "2010.08.15"]
[Round "6.28"]
[White "Padrosa Baro, Carles"]
[Black "Suita Rodriguez, Natalia"]
[Result "1/2-1/2"]
[WhiteElo "1862"]
[BlackElo "1600"]
[PlyCount "46"]
[EventDate "2011.08.11"]
[EventType "swiss"]
[EventRounds "9"]
[EventCountry "ESP"]
[Source "lmi"]
[SourceDate "2010.08.11"]

1. e4 e6 2. d4 d5 3. Nc3 Nf6 4. Bg5 Be7 5. e5 Nfd7 6. Bxe7 Qxe7 7. f4 c5 8. Nf3
Nc6 9. a3 O-O 10. Bd3 cxd4 11. Nb5 f6 12. O-O fxe5 13. Bxh7+ Kh8 14. Ng5 Nf6
15. Bg6 a6 16. Qf3 exf4 17. Qh3+ Kg8 18. Bh7+ Kh8 19. Bg6+ Kg8 20. Bh7+ Kh8 21.
Bg6+ Kg8 22. Bh7+ Kh8 23. Bg6+ Kg8 1/2-1/2

[Event "Obert Figueres Miquel Mas 2010"]
[Site "Figueres ESP"]
[Date "2010.08.15"]
[Round "6.30"]
[White "Mirasol Obrador, Miquel"]
[Black "Torrent Lagresa, Josep M"]
[Result "1/2-1/2"]
[WhiteElo "1832"]
[BlackElo "1641"]
[PlyCount "68"]
[EventDate "2011.08.11"]
[EventType "swiss"]
[EventRounds "9"]
[EventCountry "ESP"]
[Source "lmi"]
[SourceDate "2010.08.11"]

1. d4 d5 2. c4 c6 3. Nc3 Nf6 4. e3 g6 5. Nf3 Bg7 6. Be2 O-O 7. O-O Re8 8. Qb3
e6 9. Bd2 Nbd7 10. Rac1 Rb8 11. Rfe1 Ne4 12. Red1 Nxd2 13. Nxd2 Nf6 14. Nf3 Nd7
15. Qc2 Nb6 16. b3 Qe7 17. Rb1 Bd7 18. c5 Nc8 19. b4 a6 20. a4 e5 21. dxe5 Bxe5
22. Nxe5 Qxe5 23. Qd2 Ne7 24. b5 axb5 25. axb5 Bf5 26. Bd3 Ra8 27. Bxf5 Nxf5
28. bxc6 bxc6 29. Rb6 d4 30. exd4 Nxd4 31. f4 Ne2+ 32. Nxe2 Qxe2 33. Rb2 Qxd2
34. Rbxd2 Ra5 1/2-1/2

[Event "Obert Figueres Miquel Mas 2010"]
[Site "Figueres ESP"]
[Date "2010.08.15"]
[Round "6.31"]
[White "Sanchez Cobo, Javier"]
[Black "Idoate Arrazurria, Ricardo"]
[Result "1-0"]
[WhiteElo "1832"]
[BlackElo "1599"]
[PlyCount "67"]
[EventDate "2011.08.11"]
[EventType "swiss"]
[EventRounds "9"]
[EventCountry "ESP"]
[Source "lmi"]
[SourceDate "2010.08.11"]

1. e4 c5 2. f4 d6 3. Nf3 Nc6 4. Bc4 e6 5. O-O Nf6 6. Nc3 Be7 7. d3 O-O 8. a3 a6
9. h3 b5 10. Ba2 Bb7 11. Be3 Qc7 12. g4 Rad8 13. Ne2 d5 14. e5 Ne8 15. Ng3 f6
16. exf6 Nxf6 17. Ng5 Bc8 18. Qe2 h6 19. Nf3 Kh8 20. g5 Ng8 21. gxh6 Nxh6 22.
Kh2 Bd6 23. Nh4 Ne7 24. Ng2 Ng6 25. Nh5 d4 26. Bd2 e5 27. fxe5 Bxe5+ 28. Kh1
Bxh3 29. Bxh6 gxh6 30. Rxf8+ Rxf8 31. Rf1 Rxf1+ 32. Qxf1 Qc6 33. Kg1 Nh4 34.
Qf8+ 1-0

[Event "Obert Figueres Miquel Mas 2010"]
[Site "Figueres ESP"]
[Date "2010.08.15"]
[Round "6.32"]
[White "Altimira Roses, Jordi"]
[Black "Cruanas Verdu, Joaquim"]
[Result "1-0"]
[WhiteElo "1828"]
[BlackElo "1554"]
[PlyCount "85"]
[EventDate "2011.08.11"]
[EventType "swiss"]
[EventRounds "9"]
[EventCountry "ESP"]
[Source "lmi"]
[SourceDate "2010.08.11"]

1. e4 e5 2. Nf3 Nc6 3. Bb5 a6 4. Ba4 Nf6 5. d3 Bc5 6. c3 Ng4 7. O-O Ne7 8. h3
Nf6 9. Nxe5 O-O 10. d4 Bd6 11. Bc2 Ng6 12. Nxg6 fxg6 13. e5 Be7 14. exf6 Bxf6
15. Be3 Bg5 16. Nd2 d5 17. Bxg5 Qxg5 18. Nf3 Qh5 19. Nh2 Qg5 20. Qc1 Qh4 21.
Qe3 Bd7 22. Qg3 Qh5 23. Rae1 Rf6 24. Re5 Bf5 25. Bxf5 gxf5 26. Qf3 Qg5 27.
Qxd5+ Kh8 28. Rfe1 h5 29. Nf1 Kh7 30. Qxb7 Rg6 31. Qxa8 c6 32. Ng3 h4 33. Rxf5
Qd2 34. Rh5+ Rh6 35. Rxh6+ Kxh6 36. Qxc6+ g6 37. Qe4 Qg5 38. Qe3 Qxe3 39. Rxe3
a5 40. d5 a4 41. d6 a3 42. bxa3 Kg5 43. d7 1-0

[Event "Obert Figueres Miquel Mas 2010"]
[Site "Figueres ESP"]
[Date "2010.08.15"]
[Round "6.34"]
[White "Andres Sebastian, Luis"]
[Black "Trias Punset, Carles"]
[Result "1-0"]
[WhiteElo "1493"]
[BlackElo "1739"]
[PlyCount "113"]
[EventDate "2011.08.11"]
[EventType "swiss"]
[EventRounds "9"]
[EventCountry "ESP"]
[Source "lmi"]
[SourceDate "2010.08.11"]

1. e4 e6 2. e5 d5 3. Nf3 c5 4. Bb5+ Bd7 5. Bxd7+ Qxd7 6. O-O Nc6 7. c3 g6 8. d4
cxd4 9. cxd4 Bh6 10. Nc3 Bxc1 11. Rxc1 Nge7 12. Nb5 O-O 13. Rc3 Nf5 14. Qd2 a6
15. Nd6 Nxd6 16. exd6 Qxd6 17. Qh6 f6 18. Nh4 Ne7 19. Rh3 Rf7 20. Qd2 g5 21.
Nf3 Nf5 22. g4 Ne7 23. Ne1 Ng6 24. Ng2 Nf4 25. Nxf4 Qxf4 26. Qxf4 gxf4 27. Rc3
e5 28. Rd1 e4 29. Rdc1 f3 30. Rc8+ Rxc8 31. Rxc8+ Kg7 32. h4 Kh6 33. Kh2 f5 34.
g5+ Kg7 35. h5 f4 36. Kh3 e3 37. Kg4 e2 38. Rc1 Re7 39. Re1 Re4 40. Kxf3 Rxd4
41. Rxe2 Rb4 42. Re7+ Kg8 43. b3 a5 44. Rd7 a4 45. Rxd5 axb3 46. axb3 Rxb3+ 47.
Kxf4 b5 48. h6 b4 49. Rd8+ Kf7 50. Rd7+ Kg8 51. Ke4 Rc3 52. f4 b3 53. Rb7 Rc4+
54. Ke5 Rc3 55. f5 Rc5+ 56. Kf6 Rc6+ 57. Ke7 1-0

[Event "Obert Figueres Miquel Mas 2010"]
[Site "Figueres ESP"]
[Date "2010.08.15"]
[Round "6.35"]
[White "Vilanova Olmedo, Ignaci"]
[Black "Cano Egea, Joan Manuel"]
[Result "1-0"]
[WhiteElo "1687"]
[BlackElo "1441"]
[PlyCount "63"]
[EventDate "2011.08.11"]
[EventType "swiss"]
[EventRounds "9"]
[EventCountry "ESP"]
[Source "lmi"]
[SourceDate "2010.08.11"]

1. d4 d5 2. Nf3 Nf6 3. e3 e6 4. Bd3 Be7 5. Nbd2 O-O 6. O-O b6 7. e4 dxe4 8.
Nxe4 Bb7 9. Nxf6+ Bxf6 10. c3 Nd7 11. Ne5 Nxe5 12. dxe5 Bxe5 13. Bxh7+ Kxh7 14.
Qh5+ Kg8 15. Qxe5 Qd5 16. Qg3 Rad8 17. Bh6 g6 18. Bxf8 Rxf8 19. Rfd1 Qc6 20.
Rd2 Re8 21. Rad1 Qe4 22. Rd4 Qc6 23. Rd8 Rxd8 24. Rxd8+ Kg7 25. Qg4 Qb5 26.
Qd4+ e5 27. Qd2 Qc6 28. Qg5 Qe4 29. h3 Qe1+ 30. Kh2 Qe4 31. Re8 f6 32. Re7+ 1-0

[Event "Obert Figueres Miquel Mas 2010"]
[Site "Figueres ESP"]
[Date "2010.08.15"]
[Round "6.36"]
[White "Vidal Zamora, Cristina"]
[Black "Sanchez Urpi, Xavier"]
[Result "1/2-1/2"]
[WhiteElo "1677"]
[BlackElo "1370"]
[PlyCount "31"]
[EventDate "2011.08.11"]
[EventType "swiss"]
[EventRounds "9"]
[EventCountry "ESP"]
[Source "lmi"]
[SourceDate "2010.08.11"]

1. e4 c5 2. Nf3 Nc6 3. d4 cxd4 4. Nxd4 g6 5. Be2 Bg7 6. Nb3 d6 7. O-O Nf6 8.
Nc3 O-O 9. Be3 Bd7 10. Qd2 a6 11. f4 Rc8 12. Nd5 Nxe4 13. Qc1 Nf6 14. Bb6 Qe8
15. Nc7 Qd8 16. Nd5 1/2-1/2